The illustrated foods of India A-Z (Record no. 29584)

MARC details
000 -LEADER
fixed length control field 00592nam a22002057a 4500
003 - CONTROL NUMBER IDENTIFIER
control field OSt
005 - DATE AND TIME OF LATEST TRANSACTION
control field 20260618121428.0
008 - FIXED-LENGTH DATA ELEMENTS--GENERAL INFORMATION
fixed length control field 260618b |||||||| |||| 00| 0 eng d
020 ## - INTERNATIONAL STANDARD BOOK NUMBER
International Standard Book Number 9780195698442
082 ## - DEWEY DECIMAL CLASSIFICATION NUMBER
Classification number 641.300954
Item number Ac4T
100 ## - MAIN ENTRY--PERSONAL NAME
Personal name Achaya, K T
245 ## - TITLE STATEMENT
Title The illustrated foods of India A-Z
Statement of responsibility, etc by K T Achaya
260 ## - PUBLICATION, DISTRIBUTION, ETC. (IMPRINT)
Place of publication, distribution, etc Oxford
Name of publisher, distributor, etc Oxford University
Date of publication, distribution, etc 2009
300 ## - PHYSICAL DESCRIPTION
Extent xvi; 296p.
Other physical details Paperback
546 ## - LANGUAGE NOTE
Language note English
650 ## - SUBJECT ADDED ENTRY--TOPICAL TERM
Source of heading or term Food -- India -- Dictionaries
650 ## - SUBJECT ADDED ENTRY--TOPICAL TERM
Source of heading or term Cookery, Indic
650 ## - SUBJECT ADDED ENTRY--TOPICAL TERM
Source of heading or term Cookery, Indic / Food habits -- India -- History
942 ## - ADDED ENTRY ELEMENTS (KOHA)
Source of classification or shelving scheme Dewey Decimal Classification
Koha item type Books
Holdings
Withdrawn status Lost status Source of classification or shelving scheme Damaged status Not for loan Collection code Home library Current library Department Date acquired Source of acquisition Cost, normal purchase price Inventory number(Invoice/Date) Total Checkouts Full call number Barcode Date last seen Price effective from Koha item type
    Dewey Decimal Classification     General Text Book Central University Of Rajasthan Central University Of Rajasthan Hotel Management 18/06/2026 Researchco books 695.00 40206/18.03.2026   641.300954 Ac4T 049749 18/06/2026 18/06/2026 Books